Metodología de Diseño de un Sistema de Riego por Microaspersión

Presenta una metodología de diseño del sistema de riego por micro aspersión. Contiene descripción del sistema, descripción de los elementos del sistema, sistemas de filtros, fertirrigación, abonos utilizados, instalaciones de la fertirrigación, proyecto de un sistema de riego, elección de ti...

Full description

Bibliographic Details
Main Authors: Ponce Arroliga, Mayling Isabel, Reyes Romero, Yelena María
Other Authors: Tutor: Hernández, Sergio
Format: Tesis Section = Libro
Language:Undetermined
Spanish
Published: Managua UNI 1996
Subjects:
LEADER 01043nam a2200217Ia 4500
008 240830s9999 xx 000 0 und d
040 |a BIBLIOTECA-RUPAP Mon 631.7 P792 
041 |a spa 
082 |a Mon 631.7 P792 
100 1 |a Ponce Arroliga, Mayling Isabel 
100 1 |b Reyes Romero, Yelena María 
245 1 0 |a Metodología de Diseño de un Sistema de Riego por Microaspersión 
260 |a Managua  |b UNI  |c 1996 
300 |a p. irreg. :il. 
502 |a Tesis (Ingeniero Agrícola)- UNI, 1996. 
520 3 |a Presenta una metodología de diseño del sistema de riego por micro aspersión. Contiene descripción del sistema, descripción de los elementos del sistema, sistemas de filtros, fertirrigación, abonos utilizados, instalaciones de la fertirrigación, proyecto de un sistema de riego, elección de tipo de micro-aspersor, factores preliminares del diseño, diseño agronómico y diseño hidráulico. 
650 7 |a RIEGO. 
700 1 |a Tutor:  |b Hernández, Sergio 
942 |c BK  |2 ddc 
991 |a TESIS 
999 |c 16720